<?xml version="1.0" encoding="UTF-8"?>
<record
    xmlns:xsi="http://www.w3.org/2001/XMLSchema-instance"
    xsi:schemaLocation="http://www.loc.gov/MARC21/slim http://www.loc.gov/standards/marcxml/schema/MARC21slim.xsd"
    xmlns="http://www.loc.gov/MARC21/slim">

  <leader>02668nam a2200289 a 4500</leader>
  <controlfield tag="001">000035681</controlfield>
  <controlfield tag="005">20260415174539.0</controlfield>
  <controlfield tag="008">111108s2009    dr ac         001 0 spa d</controlfield>
  <datafield tag="020" ind1=" " ind2=" ">
    <subfield code="a">9789945131055</subfield>
  </datafield>
  <datafield tag="040" ind1=" " ind2=" ">
    <subfield code="a">DO-SdBNP</subfield>
    <subfield code="b">spa</subfield>
    <subfield code="c">BNPHU</subfield>
  </datafield>
  <datafield tag="082" ind1=" " ind2=" ">
    <subfield code="a">335.434</subfield>
    <subfield code="b">F825o</subfield>
  </datafield>
  <datafield tag="100" ind1="1" ind2=" ">
    <subfield code="a">Franco, Franklin J.,</subfield>
    <subfield code="d">1936-</subfield>
    <subfield code="9">34417</subfield>
  </datafield>
  <datafield tag="245" ind1="1" ind2="4">
    <subfield code="a">Los or&#xED;genes del socialismo latinoamericano y dominicano :</subfield>
    <subfield code="b">contribuci&#xF3;n a su estudio /</subfield>
    <subfield code="c">Franklin Franco Pichardo.</subfield>
  </datafield>
  <datafield tag="260" ind1=" " ind2=" ">
    <subfield code="a">Santo Domingo :</subfield>
    <subfield code="b">Sociedad Editorial Dominicana,</subfield>
    <subfield code="c">2009.</subfield>
  </datafield>
  <datafield tag="300" ind1=" " ind2=" ">
    <subfield code="a">197 p. :</subfield>
    <subfield code="b">il., retrs. ;</subfield>
    <subfield code="c">23 cm.</subfield>
  </datafield>
  <datafield tag="504" ind1=" " ind2=" ">
    <subfield code="a">Bibliograf&#xED;a : p. 197.</subfield>
  </datafield>
  <datafield tag="505" ind1="0" ind2=" ">
    <subfield code="g">Presentaci&#xF3;n --</subfield>
    <subfield code="t">G&#xE9;nesis --</subfield>
    <subfield code="t">Origen del concepto socialismo --</subfield>
    <subfield code="t">Socialismo democr&#xE1;tico o socialdemocracia --</subfield>
    <subfield code="t">La comuna de Par&#xED;s --</subfield>
    <subfield code="t">La emigraci&#xF3;n europea hacia Am&#xE9;rica --</subfield>
    <subfield code="t">La influencia de los inmigrantes --</subfield>
    <subfield code="t">El socialismo latinoamericano I --</subfield>
    <subfield code="t">El socialismo latinoamericano II --</subfield>
    <subfield code="t">Anarquistas y socialistas --</subfield>
    <subfield code="t">El argentino Ugarte y el peruano Prada --</subfield>
    <subfield code="t">La influencia de la Revoluci&#xF3;n Rusa --</subfield>
    <subfield code="t">Rod&#xF3; en Santo Domingo --</subfield>
    <subfield code="t">Jos&#xE9; Ingenieros --</subfield>
    <subfield code="t">Mari&#xE1;tegui --</subfield>
    <subfield code="t">El salvadore&#xF1;o Farabundo Mart&#xED; y su vida ejemplar --</subfield>
    <subfield code="t">Rafael Barrett: te&#xF3;rico del socialismo anarquista latinoamericano --</subfield>
    <subfield code="t">Los or&#xED;genes del socialismo en Rep&#xFA;blica Dominicana --</subfield>
    <subfield code="t">Los refugiados espa&#xF1;oles --</subfield>
    <subfield code="t">El costo del intervencionismo imperialista en Cuba --</subfield>
    <subfield code="t">Los comunistas dominicanos en 1946 --</subfield>
    <subfield code="t">El tortuoso surgimiento del socialismo venezolano: una lecci&#xF3;n para la historia --</subfield>
    <subfield code="t">La "apertura" de la dictadura de Trujillo --</subfield>
    <subfield code="t">La segunda guerra mundial y sus repercusiones en el seno de los grupos obreros y femeninos --</subfield>
    <subfield code="t">La segunda guerra mundial y sus repercusiones I --</subfield>
    <subfield code="t">La segunda guerra mundial y sus repercusiones II --</subfield>
    <subfield code="t">La guerra fr&#xED;a --</subfield>
    <subfield code="t">La guerra fr&#xED;a II --</subfield>
    <subfield code="t">Los soviets cubanos --</subfield>
    <subfield code="t">La guerra fr&#xED;a en Cuba --</subfield>
    <subfield code="t">De la guerra fr&#xED;a al 26 de julio --</subfield>
    <subfield code="t">Los marxistas dominicanos y la revoluci&#xF3;n cubana --</subfield>
    <subfield code="t">Los marxistas dominicanos y la revoluci&#xF3;n cubana II --</subfield>
    <subfield code="t">Contradicciones entre Bosch y el "socialdem&#xF3;crata" Pe&#xF1;a G&#xF3;mez --</subfield>
    <subfield code="t">(De Watergate a Watergulf: La ca&#xED;da del r&#xE9;gimen Balaguerista) --</subfield>
    <subfield code="g">Bibliograf&#xED;a.</subfield>
  </datafield>
  <datafield tag="590" ind1=" " ind2=" ">
    <subfield code="a">Inventariado, 2018/BT</subfield>
  </datafield>
  <datafield tag="650" ind1=" " ind2="4">
    <subfield code="a">Partidos socialistas</subfield>
    <subfield code="z">Am&#xE9;rica Latina</subfield>
    <subfield code="x">Ensayos , conferencias, etc.</subfield>
    <subfield code="9">61604</subfield>
  </datafield>
  <datafield tag="650" ind1=" " ind2="0">
    <subfield code="a"> </subfield>
    <subfield code="9">12155</subfield>
  </datafield>
  <datafield tag="650" ind1=" " ind2="4">
    <subfield code="a">Socialismo en am&#xE9;rica latina</subfield>
    <subfield code="x">Ensayos , conferencias, etc.</subfield>
    <subfield code="9">53958</subfield>
  </datafield>
  <datafield tag="650" ind1=" " ind2="4">
    <subfield code="a">Socialismo en rep&#xFA;blica dominicana</subfield>
    <subfield code="9">61605</subfield>
  </datafield>
  <datafield tag="650" ind1=" " ind2="4">
    <subfield code="a">Socialismo y sociedad</subfield>
    <subfield code="x">Ensayos , conferencias, etc.</subfield>
    <subfield code="9">12388</subfield>
  </datafield>
  <datafield tag="650" ind1=" " ind2="4">
    <subfield code="a">Diarios dominicanos</subfield>
    <subfield code="x">Secciones, columnas, etc.</subfield>
    <subfield code="9">44</subfield>
  </datafield>
  <datafield tag="730" ind1="0" ind2=" ">
    <subfield code="a">List&#xED;n Diario (Rep&#xFA;blica Dominicana)</subfield>
    <subfield code="9">1199</subfield>
  </datafield>
  <datafield tag="910" ind1=" " ind2=" ">
    <subfield code="a">Validado. Control de calidad. EMS</subfield>
  </datafield>
  <datafield tag="952" ind1=" " ind2=" ">
    <subfield code="0">0</subfield>
    <subfield code="1">0</subfield>
    <subfield code="5">4</subfield>
    <subfield code="7">0</subfield>
    <subfield code="8">DS</subfield>
    <subfield code="a">GR</subfield>
    <subfield code="b">GR</subfield>
    <subfield code="c">HD</subfield>
    <subfield code="d">2011-11-08</subfield>
    <subfield code="i">LF1</subfield>
    <subfield code="l">0</subfield>
    <subfield code="o">335.434 F825o</subfield>
    <subfield code="p">35681-30</subfield>
    <subfield code="r">2020-06-25</subfield>
    <subfield code="t">e. 3</subfield>
    <subfield code="w">2020-06-25</subfield>
    <subfield code="y">LFDS</subfield>
    <subfield code="Z">Pr&#xE9;stamo en sala</subfield>
  </datafield>
  <datafield tag="952" ind1=" " ind2=" ">
    <subfield code="0">0</subfield>
    <subfield code="1">0</subfield>
    <subfield code="5">4</subfield>
    <subfield code="7">0</subfield>
    <subfield code="8">DS</subfield>
    <subfield code="a">GR</subfield>
    <subfield code="b">GR</subfield>
    <subfield code="c">HD</subfield>
    <subfield code="d">2011-11-08</subfield>
    <subfield code="i">LF1</subfield>
    <subfield code="l">0</subfield>
    <subfield code="o">335.434 F825o</subfield>
    <subfield code="p">35681-40</subfield>
    <subfield code="r">2020-06-25</subfield>
    <subfield code="t">e. 4</subfield>
    <subfield code="w">2020-06-25</subfield>
    <subfield code="y">LFDS</subfield>
    <subfield code="Z">Pr&#xE9;stamo en sala</subfield>
  </datafield>
  <datafield tag="952" ind1=" " ind2=" ">
    <subfield code="0">0</subfield>
    <subfield code="1">0</subfield>
    <subfield code="5">4</subfield>
    <subfield code="7">0</subfield>
    <subfield code="8">DS</subfield>
    <subfield code="a">GR</subfield>
    <subfield code="b">GR</subfield>
    <subfield code="c">HD</subfield>
    <subfield code="d">2018-05-22</subfield>
    <subfield code="i">LF1</subfield>
    <subfield code="l">0</subfield>
    <subfield code="o">335.434 F825o</subfield>
    <subfield code="p">35681-50</subfield>
    <subfield code="r">2020-06-25</subfield>
    <subfield code="t">e. 5</subfield>
    <subfield code="w">2020-06-25</subfield>
    <subfield code="y">LFDS</subfield>
    <subfield code="Z">Pr&#xE9;stamo en sala</subfield>
  </datafield>
  <datafield tag="952" ind1=" " ind2=" ">
    <subfield code="0">0</subfield>
    <subfield code="1">0</subfield>
    <subfield code="7">1</subfield>
    <subfield code="8">PD</subfield>
    <subfield code="a">PD</subfield>
    <subfield code="b">PD</subfield>
    <subfield code="c">HD</subfield>
    <subfield code="d">2011-11-08</subfield>
    <subfield code="i">LF1</subfield>
    <subfield code="l">0</subfield>
    <subfield code="o">335.434 F825o</subfield>
    <subfield code="p">35681-10</subfield>
    <subfield code="r">2020-06-25</subfield>
    <subfield code="w">2020-06-25</subfield>
    <subfield code="y">LFPD</subfield>
    <subfield code="Z">No se presta</subfield>
  </datafield>
  <datafield tag="952" ind1=" " ind2=" ">
    <subfield code="0">0</subfield>
    <subfield code="1">0</subfield>
    <subfield code="7">1</subfield>
    <subfield code="8">PD</subfield>
    <subfield code="a">PD</subfield>
    <subfield code="b">PD</subfield>
    <subfield code="c">HD</subfield>
    <subfield code="d">2011-11-08</subfield>
    <subfield code="i">LF1</subfield>
    <subfield code="l">0</subfield>
    <subfield code="o">335.434 F825o</subfield>
    <subfield code="p">35681-20</subfield>
    <subfield code="r">2020-06-25</subfield>
    <subfield code="t">e. 2</subfield>
    <subfield code="w">2020-06-25</subfield>
    <subfield code="y">LFPD</subfield>
    <subfield code="Z">No se presta</subfield>
  </datafield>
  <datafield tag="999" ind1=" " ind2=" ">
    <subfield code="c">35172</subfield>
    <subfield code="d">35172</subfield>
  </datafield>
</record>
